| 000 | 00600nam a2200181 a 4500 | ||
|---|---|---|---|
| 001 | 000017793 | ||
| 005 | 20200929165231.0 | ||
| 008 | 100406s1990 dr ab r 000 0 spa d | ||
| 040 |
_aDO-SdBNP _bspa _cBNPHU |
||
| 082 |
_axxxx _bT853d |
||
| 100 | 1 |
_aTroncoso Morales, Bolivar M. _938689 |
|
| 245 | 1 | 0 |
_aDominicana : _bmanual de geografía turística / _cBolivar M. Troncoso Morales. |
| 260 |
_aSanto Domingo : _bUNIBE, _c1990. |
||
| 300 |
_a56 p. : _bil. ; map. ; _c22 cm. |
||
| 500 | _aIncluye notas al pie de páginas | ||
| 504 | _aBibliografía : p. 55 | ||
| 710 | 2 |
_aUniversidad Iberoamericana _936529 |
|
| 999 |
_c17318 _d17318 |
||